000 01047nam a22001457a 4500
999 _c523872
_d523872
008 231011b ||||| |||| 00| 0 eng d
100 _aAgnihotri, Indu
_944090
245 _aWomen’s histories of struggle in the face of a politics that divided nations: Excerpts from a conversation with Pramila Pandhe
260 _aSocial Scientist
300 _a51(7-8), Jul-Aug, 2023: p.87-92
520 _aPramila Pandhe had weathered many storms and shouldered multiple responsibilities before I came to know her a short, gentle women quite unlike my image of a leader when she took charge as the office secretary of the all India Democratic women’s association (AIDWA), and late rice President of AIDWA. The story of the life was intertwined with the time she lived through colonial rule the influence of the social reform movement and her experience ne in Institutions was a visible presence in the western reign of India during the anti-imperialist struggle. – Reproduced
773 _aSocial Scientist
906 _aWOMEN
942 _cAR